| 000 | 01312cas a22003977a 4500 | ||
|---|---|---|---|
| 005 | 20220329142115.0 | ||
| 008 | 990630d us mr pernn 0 0b1eng d | ||
| 010 | _a78524 | ||
| 011 | _a79496 | ||
| 035 | _a89753 | ||
| 245 | 0 | 0 | _aBerkshire News |
| 260 | 0 |
_aSpringfield, Illinois : _bAmerican Berkshire, _c1956?- |
|
| 300 |
_av. : _bilus. |
||
| 310 | _aMensual | ||
| 362 | 0 | _av.35 n.3,1970 | |
| 500 | _aSe dejó de recibir a partir del v. 35 n.6,1970. | ||
| 590 |
_aBATCH-UPD _b10 _c20130110 _lUCH01 _h0345 |
||
| 590 |
_aBATCH-UPD _b10 _c20130410 _lUCH01 _h0019 |
||
| 590 |
_aBATCH-UPD _b10 _c20130914 _lUCH01 _h1523 |
||
| 590 |
_aCONVERSION _b10 _c20130109 _lUCH01 _h1343 |
||
| 650 | 1 | 4 |
_aGanado porcino _xPublicaciones periódicas. _945400 |
| 866 | _av.12 n.3-12 (1947) | ||
| 866 | _av.13 n.1 (1947) | ||
| 866 | _av.28 n.8-11 (1963) | ||
| 866 | _av.29 n.1-11 (1963-1964) | ||
| 866 | _av.30 n.1-2,4 (1964-1965) | ||
| 866 | _av.30 n.6-11 (1965) | ||
| 866 | _av.31 n.1-11 (1965-1966) | ||
| 866 | _av.32 n.1-6,8,10 (1966-1967) | ||
| 866 | _av.33 n.1-2 (1967) | ||
| 866 | _av.33 n.1-2,4-11 (1967-1968) | ||
| 866 | _av.34 n.1-9 (1968-1969) | ||
| 866 | _av.35 n.1,3 (1969-1970) | ||
| 901 | _aSE | ||
| 905 | _aLilia Sánchez G. | ||
| 999 |
_c78524 _d78524 |
||